| 000 | 00359nam a2200145Ia 4500 | ||
|---|---|---|---|
| 008 | 150201s2007 xx 000 0 und d | ||
| 082 |
_a614.1 _bP07R |
||
| 100 | _aRAO,NAGESH KUMAR G | ||
| 245 | _aPRACTICAL FORENSIC MEDICINE | ||
| 250 | _a3RD | ||
| 260 |
_bJAYPEE BROTHERS _aDELHI _c2007 |
||
| 300 | _a1-315 | ||
| 650 | _aFORENSIC MEDICINE | ||
| 942 |
_2ddc _cBK _02 |
||
| 999 |
_c528 _d528 |
||